Tuổi thơ dữ dội Tiểu thuyết ba tập Tập 1 Đi tìm thuốc cho mẹ
Gorde:
| Egile nagusia: | |
|---|---|
| Formatua: | Liburua |
| Hizkuntza: | Vietnamese |
| Argitaratua: |
H.
Thuận Hóa
1988
Tp. Hồ Chí Minh Nxb. Văn nghệ Tp. Hồ Chí Minh |
| Gaiak: | |
| Etiketak: |
Etiketa erantsi
Etiketarik gabe, Izan zaitez lehena erregistro honi etiketa jartzen!
|
| Thư viện lưu trữ: | Mạng thư viện Đại học Đà Nẵng |
|---|
| LEADER | 01272nam a2200373 4500 | ||
|---|---|---|---|
| 001 | 000005498 | ||
| 003 | 1643 | ||
| 005 | 20120416100426.0 | ||
| 008 | 110817s1988 viesd | ||
| 020 | |c 10000đ | ||
| 041 | 0 | |a vie | |
| 082 | |a 895.9223 |b PH-Q | ||
| 100 | 0 | |a Phùng Quán | |
| 245 | 1 | 0 | |a Tuổi thơ dữ dội |b Tiểu thuyết ba tập |c Phùng Quán |n Tập 1 |p Đi tìm thuốc cho mẹ |
| 260 | |a H. |b Thuận Hóa | ||
| 260 | |a Tp. Hồ Chí Minh |b Nxb. Văn nghệ Tp. Hồ Chí Minh |c 1988 | ||
| 300 | |a 234 tr |c 19 cm | ||
| 504 | |a T.1: Đi tìm thuốc cho mẹ | ||
| 653 | |a Văn học thiếu nhi | ||
| 653 | |a Việt Nam | ||
| 653 | |a tiểu thuyết | ||
| 700 | |a Phùng Quán | ||
| 773 | |t Tuổi thơ dữ dội |w 1641 | ||
| 910 | |a Nguyễn Thị Kim Oanh |d 17/08/2011 | ||
| OWN | |a LSP | ||
| AVA | |a UDN50 |b LSP |d 895.9223 PH-Q |e unavailable |t Error 5002 Not defined in file expand_doc_bib_avail. |f 1 |g 1 |h N |i 0 |k 1 | ||
| 999 | |a From the UDN01 | ||
| AVA | |a UDN50 |b LSP |d 895.9223 PH-Q |e unavailable |t Error 5002 Not defined in file expand_doc_bib_avail. |f 1 |g 1 |h N |i 0 |k 1 | ||
| TYP | |a Monograph | ||
| TYP | |a Printed language | ||
| 980 | |a Mạng thư viện Đại học Đà Nẵng | ||